Quiz o Call of Duty Modern Warfare 2 (2009) - Statystyki

Ogólne statystyki
  • Ten quiz został rozwiązany 36 razy
  • Średni wynik to 8 z 15
Statystyki odpowiedzi
Pytanie Odpowiedź % Poprawnych
Ilu zamachowców, przeprowadziło zamach na lotnisku w Moskwie? (Nie licząc Josepha Allena) 5
92%
Kto więziony był w Rosyjskim gułagu? Kapitan Price
85%
Który z bohaterów został postrzelony jako pierwszy przez Shepherda, w misji Loose Ends? Roach
73%
Kim gramy w dwóch pierwszych misjach? (S.S.D.D, Team Player) Joseph Allen
69%
W jakim państwie rozgrywają się te misje? Afganistan
65%
Jaką rangę otrzymał Soap, po rzekomej śmierci Price'a w operacji Kingfish? Kapitan
65%
Ile sekretnych laptopów, znajduje się w Call of Duty Modern Warfare 2? 45
50%
Jak nazywa się Ranger, którym grany w kampanii w USA? James Ramirez
50%
Państwo, w którym położona jest posiadłość Makarova w misji Loose Ends Gruzja
46%
Celem Rangersów w misji Second Sun, jest dotarcie do... Białego Domu
38%
Jak nazywa się handlarz bronią z Brazylii, u którego Makarov zakupił amunicję? Alejandro Rojas
35%
W misji The Enemy of My Enemy, siły Makarova walczą na złomowisku z... (Po angielsku) Shadow Company
35%
Co oznacza kodowe hasło "Whiskey Hotel"? White House
23%
W jakich górach dzieje się misja Cliffhanger? Tien Shan
19%
Co wystrzeliwuje Kapitan Price w misji Contingency? Pocisk międzykontynentalny
4%
Nie znaleziono quizów pasujących do podanych kryteriów
Rozkład punktacji
Procent ludzi z każdym wynikiem
Percentyl według liczby udzielonych odpowiedzi
Twoja historia wyników
Nie rozwiązałeś tego quizu